00649nam a2200217Ia 4500003000900000008004100009040001300050040001300063041000800076100001700084245004400101250000900145260001200154260000900166300001100175300001200186490000600198942000700204999001700211952020300228IT-RoPAU120407s9999 xx 000 0 und d aIT-RoPAU cIT-RoPAU aita aAndrea Gemma aI religiosi nella Chiesa per la Chiesa. aRoma aTortona c1976 a333 p. c20,5 cm v1 cBK c32820d32820 00102ddc406262_500000000000000_5371aPAULUSbPAULUSd2012-04-11l0o262.5.53r2012-04-11 00:00:00w2012-04-11yBKzInserito da: Anna In data: 12 settembre 2011 fondo: Via A.Severo 56 Progr:11344